Low carbon construction action plan (Record no. 112423)

MARC details
000 -LEADER
fixed length control field 01338cad a22001935a 4500
001 - CONTROL NUMBER
control field L153225
008 - FIXED-LENGTH DATA ELEMENTS--GENERAL INFORMATION
fixed length control field 110624s2011 xxk f 000 0 eng d
035 ## - SYSTEM CONTROL NUMBER
System control number (Sirsi) u153225
041 0# - LANGUAGE CODE
Language code of text/sound track or separate title eng
110 2# - MAIN ENTRY--CORPORATE NAME
Corporate name or jurisdiction name as entry element United Kingdom
Subordinate unit Department for Business, Innovation and Skills
9 (RLIN) 5760
245 00 - TITLE STATEMENT
Title Low carbon construction action plan
Remainder of title government response to the Low Carbon Construction Innovation & Growth Team report
Medium [electronic resource]
260 ## - PUBLICATION, DISTRIBUTION, ETC.
Place of publication, distribution, etc. London
Name of publisher, distributor, etc. DBIS
Date of publication, distribution, etc. 2011
520 ## - SUMMARY, ETC.
Summary, etc. Government response to the Low Carbon Construction Innovation & Growth Team Report focusing on the key themes. These include demonstrating the benefits and opportunities of low carbon construction through leadership and cooperation across the public and private sectors and ensuring the correct framework of incentives and interventions enable the market to flourish. The proposals will be taken forward through a new Green Construction Board which will represent a new level of cooperation between government and industry.
590 ## - LOCAL NOTE (RLIN)
Local note KA NTK
651 #4 - SUBJECT ADDED ENTRY--GEOGRAPHIC NAME
Geographic name United Kingdom
Chronological subdivision
690 ## - LOCAL SUBJECT ADDED ENTRY--TOPICAL TERM (OCLC, RLIN)
Topical term or geographic name as entry element BUILT ENVIRONMENT-SUSTAINABLE CONSTRUCTION
856 40 - ELECTRONIC LOCATION AND ACCESS
Uniform Resource Identifier <a href="https://www.gov.uk/government/publications/low-carbon-construction-innovation-growth-team-report-on-low-carbon-construction-government-response">https://www.gov.uk/government/publications/low-carbon-construction-innovation-growth-team-report-on-low-carbon-construction-government-response</a>
Public note View the item free of charge at www.gov.uk
942 ## - ADDED ENTRY ELEMENTS (KOHA)
Suppress in OPAC 0
Holdings
Withdrawn status Lost status Source of classification or shelving scheme Damaged status Not for loan Home library Current library Shelving location Date acquired Total Checkouts Full call number Barcode Date last seen Copy number Price effective from Koha item type
    Dewey Decimal Classification     Virtual Virtual Online 24/06/2011   ONLINE PUBLICATION 153225-2001 06/08/2019 1 06/08/2019 Book